000 00404nmm a2200145Ia 4500
008 251105s9999||||xx |||||||||||||||||und||
041 _aspa
100 _aSalar, Olga
245 0 _aKilo y 3/4 de amor
264 _a[Madrid, España] :
_bLos libros del Cristal,
_c2016
300 _a0 páginas
650 _aSpanish narrative
856 _uhttps://public.digitaliapublishing.com/a/88124
942 _cCF
999 _c105876
_d105876